Banking english

Salvato in:
Dettagli Bibliografici
Autore principale: Grossmanová, Marta
Ente Autore: Ekonomická univerzita v Bratislave. Ústav jazykov
Altri autori: Vehnerová, Eva
Natura: Libro
Lingua:inglese
slovacco
Pubblicazione: Bratislava Vydavateľstvo Ekonóm 2001
Soggetti:
Tags: Aggiungi Tag
Nessun Tag, puoi essere il primo ad aggiungerne!!

MARC

LEADER 00000nam a2200000 4500
001 c130868
005 20221124102812.0
020 |a 80-225-1495-0 
041 0 |a eng 
041 0 |a slo 
044 |a SK 
245 1 0 |a Banking english  |c Marta Grossmanová, Eva Vehnerová 
264 1 |a Bratislava  |b Vydavateľstvo Ekonóm  |c 2001 
300 |a 123 s. 
610 2 0 |a bankovníctvo 
610 2 0 |a banky 
610 2 0 |a trh finančný 
610 2 0 |a angličtina 
610 2 0 |a jazyky cudzie 
610 2 0 |a terminológia 
100 1 |a Grossmanová, Marta 
700 1 |a Vehnerová, Eva 
710 2 |a Ekonomická univerzita v Bratislave. Ústav jazykov